[Event "Polanica Zdroj op-E 56th"]
[Site "Polanica Zdroj"]
[Date "2020.08.22"]
[Round "8"]
[White "Lada, Damian"]
[Black "Chojnowski, Robert"]
[Result "1/2-1/2"]
[WhiteElo "1619"]
[BlackElo "1520"]
[PlyCount "164"]
[EventDate "2020.08.15"]
[EventType "swiss"]
[EventRounds "9"]
[EventCountry "POL"]
[SourceTitle "CBM 198 Extra"]
[Source "ChessBase"]
[SourceDate "2020.11.30"]
[SourceVersion "1"]
[SourceVersionDate "2020.11.30"]
[SourceQuality "1"]

1. d4 f5 2. Nf3 Nf6 3. Bg5 e6 4. Nbd2 d5 5. Ne5 Be7 6. e3 0-0 7. f4 Ne4 8. Nxe4 fxe4 9. Bxe7 Qxe7 10. Be2 Qb4+ 11. Qd2 Qxb2 12. 0-0 Qa3 13. Rfb1 Qe7 14. Qe1 c5 15. c3 c4 16. a4 Nc6 17. Nxc6 bxc6 18. Bg4 c5 19. Rb2 cxd4 20. cxd4 Qc7 21. Qc3 Bd7 22. Bd1 Rfb8 23. Rab1 Rxb2 24. Rxb2 Rb8 25. Rxb8+ Qxb8 26. Bc2 Qb6 27. Kf2 a5 28. Qa1 Qb4 29. Qd1 Qb2 30. Kg3 Qa3 31. Kf2 g6 32. h3 Kf7 33. g4 Qa2 34. Kg3 Qa3 35. Kf2 Bc8 36. Qd2 Qb4 37. Qd1 Ba6 38. Qe2 Qb2 39. Kg3 h6 40. g5 h5 41. h4 Qb6 42. Qd2 Qb4 43. Qe2 Qb2 44. Kf2 c3 45. Qxa6 Qxc2+ 46. Kg3 Qxa4 47. Qb7+ Kf8 48. Qc8+ Ke7 49. Qxc3 Kd7 50. Qc5 Qb4 51. Qa7+ Kc6 52. Qa8+ Kb5 53. Qe8+ Kc4 54. Qxg6 Qe1+ 55. Kg2 Qe2+ 56. Kh1 Qf3+ 57. Kh2 Qxe3 58. Qf7 Qf2+ 59. Kh3 Qf3+ 60. Kh2 Qe2+ 61. Kg1 Qe1+ 62. Kg2 Qe2+ 63. Kg1 Qg4+ 64. Kf1 e3 65. Qc7+ Kxd4 66. Qxa5 Qxf4+ 67. Kg2 Qf2+ 68. Kh3 Qf1+ 69. Kh2 Ke4 70. Qb4+ Qc4 71. Qb1+ Kf4 72. Qg1 Qe2+ 73. Kh1 Qf3+ 74. Kh2 Qe2+ 75. Kh1 Qf3+ 76. Kh2 d4 77. g6 Qe2+ 78. Kh1 Qf3+ 79. Kh2 Qe2+ 80. Kh1 Qf3+ 81. Kh2 Qe2+ 82. Kh1 Qf3+ 1/2-1/2

[Event "Polanica Zdroj op-E 56th"]
[Site "Polanica Zdroj"]
[Date "2020.08.19"]
[Round "5"]
[White "Lada, Damian"]
[Black "Juszczak, Milosz"]
[Result "1-0"]
[WhiteElo "1619"]
[BlackElo "1455"]
[PlyCount "63"]
[EventDate "2020.08.15"]
[EventType "swiss"]
[EventRounds "9"]
[EventCountry "POL"]
[SourceTitle "CBM 198 Extra"]
[Source "ChessBase"]
[SourceDate "2020.11.30"]
[SourceVersion "1"]
[SourceVersionDate "2020.11.30"]
[SourceQuality "1"]

1. c4 e6 2. d4 d5 3. Nc3 Bb4 4. Nf3 dxc4 5. g3 b5 6. Bg2 Bb7 7. 0-0 Bxc3 8. bxc3 Ne7 9. a4 c6 10. Ba3 0-0 11. Qc2 Qc7 12. Ng5 g6 13. Ne4 Rd8 14. Qc1 Kg7 15. Qg5 Nd5 16. Bd6 Rxd6 17. Qe5+ Kg8 18. Qxd6 Na6 19. axb5 cxb5 20. Rxa6 Bxa6 21. Qxa6 Rb8 22. Rc1 b4 23. cxb4 Rxb4 24. Qd6 Qa5 25. Ng5 Nf6 26. Nxe6 fxe6 27. Qxe6+ Kg7 28. Qe7+ Kh6 29. Qxf6 c3 30. Qf8+ Kg5 31. h4+ Kg4 32. Qf3# 1-0

[Event "Polanica Zdroj op-C 56th"]
[Site "Polanica Zdroj"]
[Date "2020.08.18"]
[Round "4"]
[White "Borowski, Przemyslaw"]
[Black "Lada, Damian"]
[Result "1-0"]
[WhiteElo "1790"]
[BlackElo "1619"]
[PlyCount "85"]
[EventDate "2020.08.15"]
[EventType "swiss"]
[EventRounds "9"]
[EventCountry "POL"]
[SourceTitle "CBM 198 Extra"]
[Source "ChessBase"]
[SourceDate "2020.11.30"]
[SourceVersion "1"]
[SourceVersionDate "2020.11.30"]
[SourceQuality "1"]

1. e4 d6 2. d4 Nf6 3. Nc3 g6 4. f4 Bg7 5. Be2 0-0 6. g4 e5 7. g5 Nfd7 8. fxe5 dxe5 9. d5 c6 10. Be3 Nb6 11. Qd2 Bd7 12. 0-0-0 Na6 13. Kb1 Qc8 14. h4 Nc7 15. h5 cxd5 16. Bxb6 axb6 17. exd5 Bf5 18. d6 Ne6 19. Nd5 Re8 20. d7 Bxc2+ 21. Qxc2 Qxc2+ 22. Kxc2 Red8 23. Nxb6 Ra5 24. Kb1 Nxg5 25. Bc4 Kf8 26. Ne2 f5 27. hxg6 hxg6 28. Nc3 Nf3 29. b4 Ra3 30. Kb2 Ra7 31. Rd6 e4 32. Kb3 Ne5 33. Nb5 Ra6 34. Nc7 Nxc4 35. Kxc4 Rxb6 36. Rxb6 Rxd7 37. Ne6+ Kg8 38. Nxg7 Kxg7 39. Rg1 e3 40. Rbxg6+ Kf7 41. Rg7+ Ke6 42. Rxd7 Kxd7 43. Kd3 1-0

[Event "Polanica Zdroj op-D 49th"]
[Site "Polanica Zdroj"]
[Date "2013.08.22"]
[Round "6"]
[White "Lada, Damian"]
[Black "Lukasiewicz, Krzysztof"]
[Result "0-1"]
[WhiteElo "1660"]
[BlackElo "1807"]
[PlyCount "82"]
[EventDate "2013.08.17"]
[EventType "swiss"]
[EventRounds "9"]
[EventCountry "POL"]
[SourceTitle "EXT 2014"]
[Source "ChessBase"]
[SourceDate "2013.11.20"]
[SourceVersion "1"]
[SourceVersionDate "2013.11.20"]
[SourceQuality "1"]

1. d4 d5 2. c4 e6 3. Nc3 Nf6 4. Bg5 Be7 5. Nf3 h6 6. Bh4 0-0 7. e3 b6 8. cxd5 Nxd5 9. Nxd5 Bxh4 10. Nf4 Be7 11. Bd3 Bb4+ 12. Nd2 Bb7 13. 0-0 c5 14. Be4 Bc6 15. Bxc6 Nxc6 16. Nb3 cxd4 17. Nxd4 Nxd4 18. Qxd4 Qxd4 19. exd4 Bd2 20. Ne2 Rac8 21. Rfd1 Rc2 22. Rab1 Rfc8 23. Kf1 R8c4 24. b3 Rc8 25. a4 Kf8 26. Ng1 Ra2 27. Nf3 Rcc2 28. Nxd2 Rxd2 29. Rxd2 Rxd2 30. Rc1 Rxd4 31. Rc8+ Ke7 32. Rc7+ Rd7 33. Rc3 Kd8 34. h4 Rc7 35. Rd3+ Ke7 36. g3 e5 37. f3 Ke6 38. Ke2 f5 39. Ke3 Rc2 40. h5 a5 41. b4 axb4 0-1

[Event "Wroclaw op-A 8th"]
[Site "Wroclaw"]
[Date "2013.07.08"]
[Round "8"]
[White "Lada, Damian"]
[Black "Ilnicki, Tomasz"]
[Result "1/2-1/2"]
[WhiteElo "1647"]
[BlackElo "1399"]
[PlyCount "52"]
[EventDate "2013.07.01"]
[EventType "swiss"]
[EventRounds "9"]
[EventCountry "POL"]
[SourceTitle "CBM 155 Extra"]
[Source "ChessBase"]
[SourceDate "2013.08.26"]
[SourceVersion "1"]
[SourceVersionDate "2013.08.26"]
[SourceQuality "1"]

1. d4 d5 2. c4 e6 3. Nc3 Nf6 4. Bg5 Be7 5. e3 0-0 6. Nf3 c6 7. Bd3 dxc4 8. Bxc4 Nd5 9. Bxe7 Qxe7 10. e4 Nxc3 11. bxc3 Nd7 12. 0-0 b5 13. Bb3 Bb7 14. Re1 Nf6 15. e5 Nd5 16. Bxd5 cxd5 17. Rb1 Bc6 18. Qc1 Rfc8 19. a3 a5 20. Re2 Rc7 21. Ne1 Be8 22. Nd3 Rc4 23. Nb2 Rc7 24. Nd3 Rc4 25. Nb2 Rc7 26. Nd3 Rc4 1/2-1/2

[Event "Polanica Zdroj op-D 48th"]
[Site "Polanica Zdroj"]
[Date "2012.08.25"]
[Round "8"]
[White "Lada, Damian"]
[Black "Kosinski, Bartosz"]
[Result "1/2-1/2"]
[WhiteElo "1629"]
[BlackElo "1396"]
[PlyCount "59"]
[EventDate "2012.08.18"]
[EventType "swiss"]
[EventRounds "9"]
[EventCountry "POL"]
[SourceTitle "EXT 2014"]
[Source "ChessBase"]
[SourceDate "2013.11.20"]
[SourceVersion "1"]
[SourceVersionDate "2013.11.20"]
[SourceQuality "1"]

1. d4 Nf6 2. c4 g6 3. Nc3 Bg7 4. e4 d6 5. f3 0-0 6. Be3 e5 7. d5 Nbd7 8. b4 Nh5 9. Qd2 a5 10. b5 Nc5 11. Nge2 Nf6 12. Nc1 Nfd7 13. Be2 f5 14. 0-0 f4 15. Bxc5 Nxc5 16. Nb3 Nxb3 17. axb3 Bd7 18. Ra2 g5 19. Rfa1 b6 20. b4 a4 21. Rxa4 Rxa4 22. Rxa4 h5 23. c5 g4 24. c6 gxf3 25. Bxf3 Bg4 26. Qe2 Qh4 27. Ra1 Bf6 28. h3 Bxf3 29. Qxf3 Kh7 30. Qf2 1/2-1/2

[Event "Polanica Zdroj op-D 48th"]
[Site "Polanica Zdroj"]
[Date "2012.08.22"]
[Round "5"]
[White "Babczynski, Dariusz"]
[Black "Lada, Damian"]
[Result "1/2-1/2"]
[WhiteElo "1918"]
[BlackElo "1629"]
[PlyCount "110"]
[EventDate "2012.08.18"]
[EventType "swiss"]
[EventRounds "9"]
[EventCountry "POL"]
[SourceTitle "EXT 2014"]
[Source "ChessBase"]
[SourceDate "2013.11.20"]
[SourceVersion "1"]
[SourceVersionDate "2013.11.20"]
[SourceQuality "1"]

1. e4 e6 2. e5 d5 3. exd6 cxd6 4. d4 Nf6 5. Nf3 Be7 6. Bd3 0-0 7. 0-0 Nc6 8. Re1 Re8 9. Bg5 h6 10. Bh4 Bd7 11. c4 Nb4 12. Be2 Ne4 13. Bxe7 Rxe7 14. a3 Nc6 15. Bd3 Nf6 16. Nc3 d5 17. c5 a6 18. Na4 Qe8 19. Nb6 Rd8 20. Qe2 Na7 21. Qd2 Nc6 22. Qe2 Na7 23. Bc2 Bb5 24. Qe3 Nc8 25. Nxc8 Rxc8 26. a4 Bc6 27. b4 Qd8 28. Ne5 Nd7 29. Nxc6 bxc6 30. Qd3 Nf6 31. Qxa6 Qc7 32. g3 Ree8 33. Qe2 Ra8 34. f4 Reb8 35. b5 Ra5 36. Reb1 Rba8 37. Qe5 Ne8 38. bxc6 Qxc6 39. Rb6 Qc7 40. Rab1 Rxc5 41. dxc5 Qxc5+ 42. Kh1 Qxc2 43. Rb8 Rxb8 44. Rxb8 Qxa4 45. f5 Qc6 46. fxe6 fxe6 47. Qd4 Kf7 48. Qa7+ Kf6 49. Qf2+ Ke7 50. Rb6 Qc1+ 51. Kg2 Nf6 52. Rb7+ Nd7 53. Qa7 Qc2+ 54. Kh3 Qf5+ 55. Kg2 Qc2+ 1/2-1/2

[Event "Kolobrzeg op 12th"]
[Site "Kolobrzeg"]
[Date "2011.08.18"]
[Round "3"]
[White "Bukowska, Katarzyna"]
[Black "Lada, Damian"]
[Result "0-1"]
[WhiteElo "2005"]
[BlackElo "1611"]
[PlyCount "76"]
[EventDate "2011.08.16"]
[EventType "swiss"]
[EventRounds "9"]
[EventCountry "POL"]
[SourceTitle "CBM 144 Extra"]
[Source "ChessBase"]
[SourceDate "2011.10.28"]
[SourceVersion "1"]
[SourceVersionDate "2011.10.28"]
[SourceQuality "1"]

1. e4 d6 2. d4 Nf6 3. Nc3 g6 4. h3 Bg7 5. Nf3 0-0 6. Be3 e5 7. dxe5 dxe5 8. Qxd8 Rxd8 9. Bc4 Nbd7 10. Ng5 Rf8 11. Nb5 b6 12. Nxc7 Rb8 13. Nd5 Nxd5 14. Bxd5 Nf6 15. 0-0 Nxd5 16. exd5 Ba6 17. Rfd1 Rbc8 18. Rd2 h6 19. Nf3 f5 20. Rdd1 Rxc2 21. Rac1 Rxc1 22. Rxc1 Rf7 23. Rc6 g5 24. b3 f4 25. Bd2 e4 26. Nh2 Bb7 27. Rd6 Rf5 28. Rd8+ Kh7 29. Rd7 Rxd5 30. Rxb7 Rxd2 31. Rxa7 Rd1+ 32. Nf1 e3 33. fxe3 fxe3 34. Re7 e2 35. Rxe2 Bd4+ 36. Kh2 Rxf1 37. Kg3 Kg6 38. h4 Kf5 0-1

[Event "Kolobrzeg op 11th"]
[Site "Kolobrzeg"]
[Date "2010.??.??"]
[Round "9"]
[White "Chmiel, Piotr"]
[Black "Lada, Damian"]
[Result "1-0"]
[WhiteElo "1944"]
[BlackElo "1594"]
[PlyCount "65"]
[EventDate "2010.08.16"]
[EventType "swiss"]
[EventRounds "9"]
[EventCountry "POL"]
[SourceTitle "CBM 138 Extra"]
[Source "ChessBase"]
[SourceDate "2010.10.29"]
[SourceVersion "1"]
[SourceVersionDate "2010.10.29"]
[SourceQuality "1"]

1. e4 c6 2. d4 d5 3. exd5 cxd5 4. c4 e6 5. Nc3 Nf6 6. Nf3 Nc6 7. Bg5 Be7 8. Be2 0-0 9. 0-0 h6 10. Bh4 a6 11. c5 Ne4 12. Bxe7 Qxe7 13. Na4 Bd7 14. Re1 f5 15. Nb6 Rad8 16. a3 Qf6 17. Bd3 Nxd4 18. Bxe4 dxe4 19. Qxd4 exf3 20. Qxf6 Rxf6 21. Rad1 Rf7 22. Rd6 Kf8 23. b4 Ke8 24. Red1 fxg2 25. a4 e5 26. b5 axb5 27. axb5 Rf6 28. Rxd7 Rxd7 29. Nxd7 Re6 30. Nb6 e4 31. Nc4 Ke7 32. c6 bxc6 33. b6 1-0

[Event "Kolobrzeg op 11th"]
[Site "Kolobrzeg"]
[Date "2010.??.??"]
[Round "2"]
[White "Lada, Damian"]
[Black "Chmiel, Dominika"]
[Result "0-1"]
[WhiteElo "1594"]
[BlackElo "2170"]
[PlyCount "106"]
[EventDate "2010.08.16"]
[EventType "swiss"]
[EventRounds "9"]
[EventCountry "POL"]
[SourceTitle "CBM 138 Extra"]
[Source "ChessBase"]
[SourceDate "2010.10.29"]
[SourceVersion "1"]
[SourceVersionDate "2010.10.29"]
[SourceQuality "1"]

1. e4 e5 2. Nf3 Nc6 3. d4 exd4 4. Bc4 Nf6 5. e5 d5 6. Bb5 Ne4 7. Nxd4 Bc5 8. Be3 Bd7 9. Bxc6 bxc6 10. 0-0 0-0 11. f3 Ng5 12. f4 Ne4 13. Nd2 Nxd2 14. Qxd2 Qe7 15. Qc3 Bb6 16. Nb3 Bxe3+ 17. Qxe3 Qb4 18. f5 Rfe8 19. Rf4 Qe7 20. Nc5 Rad8 21. Re1 d4 22. Qxd4 Bxf5 23. Qf2 Bg6 24. h3 Rd5 25. b4 Rxe5 26. Rxe5 Qxe5 27. Rf3 Qa1+ 28. Kh2 Qxa2 29. Re3 Rc8 30. Qe2 f6 31. c3 Qd5 32. Re7 Qd6+ 33. Kg1 Bf7 34. Rd7 Qf8 35. Qg4 Qe8 36. Qg3 h5 37. Rxc7 Rxc7 38. Qxc7 Qe1+ 39. Kh2 Qxc3 40. Qxc6 Qe5+ 41. Kg1 Bd5 42. Qc8+ Kh7 43. Qa6 h4 44. Qf1 Bc6 45. Qf2 Qg5 46. Ne6 Qc1+ 47. Kh2 Qc4 48. Qf5+ Kg8 49. Nc5 Qd5 50. Qxd5+ Bxd5 51. Kg1 Kf7 52. Kf2 g5 53. Nd3 Kg6 0-1